| 000 | 00526cam a2200181 a 4500 | ||
|---|---|---|---|
| 001 | 14433474 | ||
| 005 | 20240206054628.0 | ||
| 008 | 060630m20052006ce b 000 0 eng | ||
| 020 | _a9555801036 | ||
| 040 |
_aDLC _cDLC |
||
| 082 |
_222 _a306.2. _bCAN. |
||
| 100 | 1 | _aSiriwardena, Regi. | |
| 245 | 1 | 0 |
_aSelected writings of Regi Siriwardena / _cedited by A.J. Canagaratna. |
| 260 |
_aColombo : _bInternational Centre for Ethnic Studies, _c2005-2006. |
||
| 300 | _aXIV, 618 p., | ||
| 700 | 1 |
_aCanagaratna, A. J. _eedt |
|
| 942 | _cL | ||
| 999 |
_c313 _d313 |
||